00661nam a2200181Ia 4500008004100000020001900041041000800060082001600068100001600084245004700100260003300147300000800180365001600188700001600204906005800220999001900278952018200297230718s9999 xx 000 0 und d a69788184953251 aeng a004.16bMHA aMhatre S.C. aMicroprocessors And Interfacing Techniques c2012bJaico Publishing House a453 cRs.b395.00 aMhatre S.C. dO:0264627-Feb-2012B:SL11/115213-Jan-2012cCOMPb197.5 c330178d330178 00104070aCCEPbCCEPd2012-02-27eVaibhav Book HousefCOMPg296.25iSL11/1152l1o004.16pCCEP-BK-41385r2024-12-17 00:00:00s2024-12-14t197.5v395.00w2012-01-13yBKz041385